Countries with Bears - Statistics

General Stats
  • This quiz has been taken 183 times
  • The average score is 50 of 71
Answer Stats
Answer % Correct
Russia
99%
United States
98%
Canada
97%
China
94%
Mexico
94%
Finland
93%
Sweden
93%
Norway
91%
India
89%
Poland
85%
Spain
82%
France
81%
Belarus
80%
Italy
80%
Kazakhstan
80%
Pakistan
80%
Romania
80%
Turkey
80%
Iran
79%
Ukraine
79%
Japan
78%
Afghanistan
77%
Greece
77%
Denmark (Greenland)
75%
Iraq
75%
Estonia
74%
Mongolia
74%
Serbia
74%
Tajikistan
74%
Turkmenistan
74%
Latvia
72%
Austria
71%
Bulgaria
71%
Hungary
71%
Slovakia
71%
Uzbekistan
71%
Bosnia and Hercegovina
70%
Croatia
70%
Indonesia
70%
Lithuania
70%
Kyrgyzstan
69%
Slovenia
69%
Vietnam
69%
North Korea
68%
South Korea
68%
Thailand
68%
Albania
66%
Argentina
66%
Laos
66%
Peru
66%
Montenegro
65%
Colombia
64%
Georgia
64%
Kosovo
64%
Armenia
62%
Malaysia
62%
Myanmar
62%
Nepal
62%
Azerbaijan
61%
Ecuador
61%
North Macedonia
61%
Cambodia
60%
Venezuela
60%
Bhutan
58%
Bolivia
58%
Bangladesh
55%
Syria
55%
Andorra
49%
Taiwan
35%
Sri Lanka
33%
Brunei
31%
No matching quizzes found
Score Distribution
Percent of People with Each Score
Percentile by Number Answered
Your Score History
You have not taken this quiz